Spotify Top 100 Most Streamed Songs Released in 2020 - Statistics

General Stats
  • This quiz has been taken 19 times
  • The average score is 20 of 100
Answer Stats
# Amount of Streams Artist(-s) Track % Correct
1 3,245,175,552 Glass Animals Heat Waves
78%
44 1,020,287,490 Dua Lipa Levitating
72%
2 2,222,312,686 Dua Lipa ft. DaBaby Levitating (Remix)
72%
6 1,988,378,711 BTS Dynamite
67%
9 1,617,212,327 Eminem ft. Juice WRLD Godzilla
67%
16 1,395,866,301 Cardi B ft. Megan Thee Stallion WAP
56%
8 1,689,165,763 DaBaby ft. Roddy Ricch Rockstar
50%
3 2,214,050,427 The Weeknd Save Your Tears
50%
4 2,111,289,839 Bad Bunny & JHAYCO DÁKITI
44%
7 1,895,634,161 Conan Gray Heather
44%
5 1,998,188,917 24kGoldn ft. Iann Dior Mood
44%
11 1,537,919,618 Ariana Grande Positions
44%
17 1,367,335,593 Lil Mosey Blueberry Faygo
39%
12 1,523,278,125 Taylor Swift cardigan
39%
21 1,290,189,864 Future ft. Drake Life Is Good
33%
34 1,114,328,388 Lady Gaga & Ariana Grande Rain On Me
33%
35 1,099,424,621 Drake Toosie Slide
33%
18 1,346,523,419 Taylor Swift august
28%
23 1,274,498,139 Dua Lipa Break My Heart
28%
59 850,729,787 Taylor Swift ft. Bon Iver exile
28%
22 1,286,779,609 SZA Good Days
28%
20 1,296,728,930 Giveon Heartbreak Anniversary
28%
47 996,957,101 The Weeknd In Your Eyes
28%
15 1,409,498,121 Internet Money ft. Gunna, Don Toliver & Nav Lemonade
28%
61 833,313,854 Miley Cyrus ft. Dua Lipa Prisoner
28%
30 1,209,592,609 Ariana Grande & Justin Bieber Stuck With U
28%
19 1,307,365,296 Kali Uchis Telepatía
28%
10 1,612,649,405 Tate McRae You Broke Me First
28%
42 1,037,218,846 Ariana Grande 34+35
22%
38 1,060,319,249 The Weeknd After Hours
22%
37 1,068,886,242 Miley Cyrus Angels Like You
22%
51 940,297,257 Doja Cat Boss Bitch
22%
62 831,498,843 Drake & Giveon Chicago Freestyle
22%
13 1,519,013,405 Dream Supplier Clean Baby Sleep White Noise (Loopable)
22%
32 1,169,376,664 Pop Smoke ft. Lil Baby & DaBaby For The Night
22%
36 1,093,944,732 Blackpink How You Like That
22%
46 1,012,220,661 Drake ft. Lil Durk Laugh Now Cry Later
22%
55 885,431,678 Justin Bieber & Benny Blanco Lonely
22%
100 638,787,040 Shawn Mendes & Justin Bieber Monster
22%
39 1,050,022,513 Dua Lipa Physical
22%
33 1,153,981,569 Jawsh 685 & Jason Derulo Savage Love (Laxed - Siren Beat)
22%
67 815,647,194 Playboi Carti Sky
22%
41 1,044,542,696 Ava Max Kings & Queens
17%
78 752,021,794 Bad Bunny La Difícil
17%
97 655,363,506 Miley Cyrus Midnight Sky
17%
82 737,866,879 DJ Khaled ft. Drake Popstar
17%
56 876,613,826 Bad Bunny Si Veo A Tu Mamá
17%
57 867,619,005 J Balvin, Dua Lipa, Bad Bunny & Tainy Un Día (One Day)
17%
58 862,743,665 Jack Harlow Whats Poppin
17%
29 1,215,852,741 Pop Smoke What You Know Bout Love
17%
52 938,394,651 Taylor Swift willow
17%
70 774,993,940 Bad Bunny Yo Perreo Sola
17%
65 825,409,503 Justin Bieber Yummy
17%
89 699,213,904 Taylor Swift champagne problems
11%
71 772,877,172 Bad Bunny & JHAYCO Cómo Se Siente (Remix)
11%
14 1,419,424,070 Maluma Hawái
11%
24 1,266,683,350 Joel Corry & MNEK Head & Heart
11%
66 819,256,110 Justin Bieber ft. Chance The Rapper Holy
11%
40 1,049,017,492 Bad Bunny & Rosalía LA NOCHE DE ANOCHE
11%
45 1,014,570,447 Bad Bunny & Daddy Yankee La Santa
11%
73 764,679,133 BTS Life Goes On
11%
84 722,152,574 Dua Lipa Love Again
11%
95 663,366,101 Billie Eilish No Time To Die
11%
69 803,730,833 StaySolidRocky Party Girl
11%
96 656,822,989 J Balvin Rojo
11%
72 765,742,567 21 Savage & Metro Boomin Runnin
11%
54 910,916,747 Bad Bunny, Jowell & Randy & Ñengo Flow Safaera
11%
31 1,178,788,006 Hotel Ugly Shut Up My Moms Calling
11%
64 827,813,724 Travis Scott & Kid Cudi The Scotts
11%
68 811,039,321 CJ Whoopty
11%
49 978,365,090 Juice WRLD Wishing Well
11%
50 973,403,269 The Kid Laroi Without You
11%
63 829,839,218 Bad Bunny A Tu Merced
6%
93 667,922,790 Tyler, The Creator Best Interest
6%
43 1,020,781,321 Juice WRLD & Marshmello Come & Go
6%
76 759,806,562 21 Savage & Metro Boomin Glock In My Lap
6%
87 711,007,689 Anuel AA & Bad Bunny Hasta Que Dios Diga
6%
88 699,746,274 Bad Bunny & Sech Ignorantes
6%
26 1,246,572,459 Justin Bieber ft. Quavo Intenions
6%
28 1,234,799,088 Jay Wheeler, DJ Nelson & Myke Towers La Curiosidad
6%
99 647,895,975 Willow & Tyler Cole Meet Me At Our Spot
6%
27 1,239,048,386 Elley Duhé Middle Of The Night
6%
60 843,320,960 Pop Smoke ft. Lil Tjay Mood Swings
6%
79 751,154,207 Jason Derulo Take You Dancing
6%
92 667,963,709 Rauw Alejandro & Camilo Tattoo (Remix)
6%
74 763,018,580 Bad Bunny TE MUDASTE
6%
25 1,257,717,634 Tiësto ft. James "Yami" Bell The Business
6%
77 754,013,996 Don Toliver After Party
0%
80 748,305,405 Suicideboys ...And to Those I Love, Thanks For Sticking Around
0%
86 712,966,922 Pink Sweats At My Worst
0%
83 733,839,703 Myke Towers & Juhn Bandido
0%
91 697,266,428 Marshmello & Halsey Be Kind
0%
53 912,655,652 KAROL G Bichota
0%
98 651,229,042 Brent Faiyaz Clouded
0%
81 739,959,233 Chris Brown & Young Thug Go Crazy
0%
94 666,080,632 Boza Hecha Pa' Mi
0%
90 698,312,961 Nio Garcia, Myke Towers, Juanka & Brray La Jeepeta (Remix)
0%
48 988,349,514 Polo G Martin & Gina
0%
85 719,506,392 MGK ft. Blackbear My Ex's Best Friend
0%
75 762,250,711 Meduza ft. Dermot Kennedy Paradise
0%
No matching quizzes found
Score Distribution
Percent of People with Each Score
Percentile by Number Answered
Your Score History
You have not taken this quiz